[Event "BRA-ch U12 Girls"]
[Site "Florianopolis"]
[Date "2018.04.30"]
[Round "4"]
[White "Parreira, Teodora Ribeiro"]
[Black "Scodiero, Lucy Mai Kakunaka"]
[Result "0-1"]
[WhiteElo "1480"]
[BlackElo "1767"]
[PlyCount "100"]
[EventDate "2018.04.28"]
[EventType "swiss"]
[EventRounds "6"]
[EventCountry "BRA"]
[SourceTitle "EXT 2021"]
[Source "ChessBase"]
[SourceDate "2020.10.23"]
[SourceVersion "1"]
[SourceVersionDate "2020.10.23"]
[SourceQuality "1"]

1. e4 c5 2. Nf3 d6 3. d4 cxd4 4. Nxd4 Nf6 5. Nc3 g6 6. Be3 Bg7 7. f3 h5 8. Qd2 Nbd7 9. Bc4 a6 10. 0-0-0 b5 11. Bb3 Bb7 12. h3 Nb6 13. g4 Rc8 14. Kb1 Nc4 15. Bxc4 Rxc4 16. g5 Nd7 17. Rhf1 Qa8 18. h4 0-0 19. Nde2 Rfc8 20. Rc1 Qb8 21. Nd5 Kf8 22. b3 R4c6 23. Bd4 Bxd4 24. Qxd4 e5 25. Qd2 Nb6 26. Ndc3 Rc5 27. f4 Bc6 28. fxe5 dxe5 29. Qe3 Qd6 30. Qf2 Rc7 31. Rcd1 Qe7 32. Rd3 b4 33. Qe3 bxc3 34. Rfd1 Be8 35. Rd6 Nc8 36. Rxa6 Kg7 37. Rf6 R7c6 38. Rff1 Ra5 39. Nxc3 Qb4 40. Rd3 Rac5 41. Rf3 Nd6 42. Qe1 Nb5 43. Kb2 Nd4 44. a3 Qa5 45. Rfe3 Qb6 46. Qd2 Ne6 47. Kb1 Ra5 48. Ka2 Rc8 49. Nd5 Qc5 50. Rc3 Qxa3+ 0-1